Сегментации и визуализации легкого человека по МРТ-изображениям; Технологии Microsoft в теории и практике программирования

Xehetasun bibliografikoak
Parent link:Технологии Microsoft в теории и практике программирования.— 2016.— [С. 50-52]
Egile nagusia: Чеботарева Е. Н. Екатерина Николаевна
Egile korporatiboa: Национальный исследовательский Томский политехнический университет (ТПУ) Институт кибернетики (ИК) Инновационный научно-образовательный центр подготовки профессиональной элиты по информационным технологиям (ИНОЦ ЦППЭ ИТ) Центр коллективного пользования "Суперкомпьютерный кластер" (ЦКП СКК), Национальный исследовательский Томский политехнический университет (ТПУ) Институт кибернетики (ИК) Кафедра оптимизации систем управления (ОСУ)
Beste egile batzuk: Аксёнов С. В. Сергей Владимирович (научный руководитель)
Gaia:Заглавие с титульного экрана
Nowadays, using computer in medicine is widespread and very useful approach. So it's necessary to analyse many medical images fast to get new information such as 3D-model of organ.
Hizkuntza:errusiera
Argitaratua: 2016
Saila:Математическое моделирование и технологии высокопроизводительных вычислений
Gaiak:
Sarrera elektronikoa:http://earchive.tpu.ru/handle/11683/33208
Formatua: MixedMaterials Baliabide elektronikoa Liburu kapitulua
KOHA link:https://koha.lib.tpu.ru/cgi-bin/koha/opac-detail.pl?biblionumber=620867

MARC

LEADER 00000naa2a2200000 4500
001 620867
005 20231101133131.0
035 |a (RuTPU)RU\TPU\conf\19400 
035 |a RU\TPU\conf\19399 
090 |a 620867 
100 |a 20161019d2016 k y0rusy50 ca 
101 0 |a rus 
102 |a RU 
105 |a y z 101zy 
135 |a drcn ---uucaa 
181 0 |a i  
182 0 |a b 
200 1 |a Сегментации и визуализации легкого человека по МРТ-изображениям  |f Е. Н. Чеботарева  |g науч. рук. С. В. Аксёнов 
203 |a Текст  |c электронный 
225 1 |a Математическое моделирование и технологии высокопроизводительных вычислений 
230 |a 1 компьютерный файл (pdf; 853 Kb) 
300 |a Заглавие с титульного экрана 
320 |a [Библиогр.: с. 52 (4 назв.)] 
330 |a Nowadays, using computer in medicine is widespread and very useful approach. So it's necessary to analyse many medical images fast to get new information such as 3D-model of organ. 
463 1 |0 (RuTPU)RU\TPU\conf\12653  |t Технологии Microsoft в теории и практике программирования  |o сборник трудов XIII Всероссийской научно-практической конференции студентов, аспирантов и молодых ученых, г.Томск, 22-23 марта 2016 г.  |f Национальный исследовательский Томский политехнический университет (ТПУ), Институт кибернетики ; ред. кол. А. В. Лиепиньш [и др.]  |v [С. 50-52]  |d 2016 
610 1 |a труды учёных ТПУ 
610 1 |a электронные ресурсы 
610 1 |a медицина 
610 1 |a МРТ 
610 1 |a легкие 
610 1 |a изображение 
610 1 |a магнитно-резонансная томография 
700 1 |a Чеботарева  |b Е. Н.  |c специалист в области информатики и вычислительной техники  |c техник Томского политехнического университета  |f 1991-  |g Екатерина Николаевна  |2 stltpush  |3 (RuTPU)RU\TPU\pers\33493 
702 1 |a Аксёнов  |b С. В.  |c специалист в области информатики и вычислительной техники  |c доцент Томского политехнического университета, кандидат технических наук  |f 1983-  |g Сергей Владимирович  |2 stltpush  |4 727 
712 0 2 |a Национальный исследовательский Томский политехнический университет (ТПУ)  |b Институт кибернетики (ИК)  |b Инновационный научно-образовательный центр подготовки профессиональной элиты по информационным технологиям (ИНОЦ ЦППЭ ИТ)  |b Центр коллективного пользования "Суперкомпьютерный кластер" (ЦКП СКК)  |h 5530  |2 stltpush  |3 (RuTPU)RU\TPU\col\19157 
712 0 2 |a Национальный исследовательский Томский политехнический университет (ТПУ)  |b Институт кибернетики (ИК)  |b Кафедра оптимизации систем управления (ОСУ)  |h 127  |2 stltpush  |3 (RuTPU)RU\TPU\col\18702 
801 2 |a RU  |b 63413507  |c 20161028  |g RCR 
856 4 |u http://earchive.tpu.ru/handle/11683/33208 
942 |c BK